000 00718nam a2200181Ia 4500
008 100920s9999 xx 000 0 und d
082 _b24540
_a61 थ 25
100 _aदातार गोविंद नारायण.
245 _aशालिवाहन-शक खंड पहिला.
260 _bदातार गोविंद नारायण, राजापूर.
_c1925
300 _a292
_bसाधी
365 _b2.5
520 _aस्थानिक वाचन.
630 _aशालिवाहन-शक खंड पहिला.
650 _aस्थानिक वाचन.
730 _aशालिवाहन-शक खंड पहिला.
942 _cBOOK
999 _c682880
_d682877